| 000 | 00674nam a2200229Ia 4500 | ||
|---|---|---|---|
| 003 | OSt | ||
| 005 | 20220918192224.0 | ||
| 006 | a|||||r|||| 00| 0 | ||
| 007 | ta | ||
| 008 | 220917b |||||||| |||| 00| 0 eng d | ||
| 024 | _a67,521 | ||
| 037 | _cTextual | ||
| 040 |
_aARTS _cARTS _beng |
||
| 041 |
_2eng _aeng |
||
| 082 | _aR3xM13:g, K3 | ||
| 100 |
_aClimacus Johannes _978667 |
||
| 245 | 0 |
_aSoren Kierkegaard _b philosophical fragments or a flagment of philosophy tr by Howard V Hong |
|
| 260 |
_aPrinceton _bPrinceton Univ Press _c1962 |
||
| 300 |
_a260p. _ccm. |
||
| 942 |
_hR3xM13:g, K3 _cTEXL _2CC |
||
| 999 |
_c193754 _d193754 |
||